000 01265nam a22002777a 4500
001 TZ 0009
003 gtcocun
005 20250926165407.0
006 a||||gr|||| 00| 0
007 ta
008 250926b1997 gt ||||| m||| 00| 0 eng d
040 _agtcocun
_bSPA
_cgtcocun
_eRDA
041 _aSPA TZ 0009
084 _0TZ 0009
100 _aGarcía Sabaleta, Israel
_eAutor
245 _aCARACTERIZACIÓN DE LOS SISTEMAS DE PRODUCCIÓN CAPRINA UBICADOS EN LOS MUNICIPIOS DE RABINAL, SALAMÁ Y SAN JERÓNIMO DEL DEPARTAMENTO DE BAJA VERAPAZ./
_cIsrael García Sabaleta.
_hImpreso
264 _aCobán, Alta Verapaz:
_bUniversidad de San Carlos de Guatemala, Centro Universitario del Norte, Zootecnia
_c1997
300 _a49 p.:
_bIlustraciones, gráficas.
_c28 cm;
502 _eTZ 0009
502 _aTesis de grado
_bZootecnia,
_cUniversidad de San Carlos de Guatemala, Centro Universitario del Norte, Zootecnia
_d1997
_oTZ 0009
650 1 4 _2LEMB
_aSan Jerónimo, Salamá y Rabinal Baja Verapaz.
_xZootecnia
_xDiagnostico estático
_xCaprinocultura
_xRabinal
_xAscendencia
_xPendulantes
700 _eAsesor
856 _uSin archivo en línea.
_zSin archivo en línea.
942 _2ddc
_cTES
_iTZ 0009
_kClasificación
_n0
_6TZ_0009_000000000000000
999 _c2153
_d2153